Speaks his mind

Salvato in:
Dettagli Bibliografici
Autore principale: Russell, Bertrand (Autore)
Natura: Libro
Lingua:inglese
Pubblicazione: Londres Arthur Barker 1960
Soggetti:
Tags: Aggiungi Tag
Nessun Tag, puoi essere il primo ad aggiungerne!!

MARC

LEADER 00000nam a2200000 a 4500
001 UCH1221
003 CL-VaPUC
008 090416e19600000UK |||||||||||||||||eng|d
082 0 4 |a 192  |b RUS  |2 21 
100 0 |a Russell, Bertrand  |e author  |9 323650 
245 1 0 |a Speaks his mind 
300 |a 173 p 
942 |c BK 
945 |d 20090416 00:00:00  |a rbrito 
260 |a Londres  |b Arthur Barker  |c 1960 
650 0 |a Filosofía inglesa  |9 255676 
583 |a last modification  |c 20090416 00:00:00  |k Rodrigo Vera 
999 |c 333284  |d 333282 
952 |0 0  |1 0  |2 ddc  |4 0  |6 192_000000000000000_RUS_1960  |7 0  |8 A  |9 421611  |a BIBCUR  |b BIBCUR  |c PAC  |d 2019-11-22  |i 4527836  |o 192 RUS 1960  |p 4527836  |r 2025-04-22  |w 2019-11-22  |y BK  |k FIS